000 00714nam a2200241 i 4500
001 bg
100 1 _aFEDOROWICZ, Zdzisław
_d(1922-2007).
245 1 0 _aTeorie pieniądza /
_cZdzisław Fedorowicz.
260 _aWarszawa :
_bPoltext,
_c1999.
300 _a101, [1] s. :
_bwykr. ;
_c21 cm.
490 1 _aStudia Finansowo-Bankowe / Szkoła Główna Handlowa
504 _aBibliogr. s. 101-[102].
650 9 _aFinanse
_xteoria
650 9 _aPieniądz
_xteoria
830 0 _aStudia Finansowo-Bankowe (Szkoła Główna Handlowa)
020 _a8385366180
040 _cBPK
041 0 _apl
080 _a336.74(075.8)
920 _a83-85366-18-0
942 _cKS
008 s pl f |000 0 pol
999 _c36054
_d36054
856 _uhttp://koha.tu.koszalin.pl/cgi-bin/koha/opac-detail.pl?biblionumber=36054
_yKatalog online BPK